| 000 | 01198cam a22002891 4500 | ||
|---|---|---|---|
| 001 | gs 38000014 | ||
| 003 | DLC | ||
| 005 | 20260227111342.0 | ||
| 008 | 840206s1937 si bf 000 0 eng | ||
| 010 | _ags 38000014 | ||
| 035 | _a(OCoLC)13265335 | ||
| 040 |
_aDLC _cMnU _dDLC |
||
| 042 | _apremarc | ||
| 043 | _aa-io--- | ||
| 050 | 0 | 0 |
_aQE299.5 _b.A32 no. 1 |
| 100 | 1 |
_aSavage, Herbert Edward Francis, _d1902- |
|
| 245 | 1 | 4 |
_aThe geology of the neighbourhood of Sungei Siput, Perak, Federated Malay States, with an account of the mineral deposits, _cby H. E. F. Savage. |
| 260 |
_aSingapore, _bPrinters ltd., _c1937. |
||
| 300 |
_a46, v p. _bv pl., 2 maps (1 fold., in pocket) _c27 cm. |
||
| 500 | _aCover-title. | ||
| 500 | _aAt head of title: Geological survey department. Federated Malay States. | ||
| 500 | _a"Written by H. E. F. Savage in 1933; prepared for publication in 1937, with various additions by E. S. Willbourn." | ||
| 650 | 0 |
_aGeology _zFederated Malay States. |
|
| 650 | 0 |
_aMines and mineral resources _zFederated Malay States. |
|
| 700 | 1 |
_aWillbourn, Eric Stuart, _d1889- _eed. |
|
| 740 | 0 | _aSungei Siput, Perak, Federated Malay States, Geology of the neighbourhood of. | |
| 999 |
_c27409 _d27409 |
||